| 000 | 00765nam a2200217 a 4500 | ||
|---|---|---|---|
| 001 | 000017247 | ||
| 005 | 20240412074246.0 | ||
| 008 | 100322s1926 dr 000 0 spa d | ||
| 040 |
_aDO-SdBNP _bspa _cBNPHU |
||
| 082 |
_aRD861.44 _bJ933f |
||
| 245 | 0 | 0 | _aJuegos florales de La Vega Real. |
| 260 |
_aSantiago de los Caballeros, República Dominicana : _bLa información, _c1926. |
||
| 300 |
_a301, CXXVIII p. ; _c24 cm. |
||
| 650 | 0 |
_aLiteratura dominicana. _967 |
|
| 650 | 0 |
_aPoesía dominicana _966 |
|
| 650 | 4 |
_aJuegos florales _937908 |
|
| 710 | 2 |
_aCasino central, La Vega, REPÚBLICA DOMINICANA _937909 |
|
| 710 | 2 |
_aLa Progresista, La Vega, REPÚBLICA DOMINICANA _937910 |
|
| 710 | 2 |
_aAmor al estudio, La Vega, REPÚBLICA DOMINICANA _937911 |
|
| 049 | _aBNPD | ||
| 999 |
_c16772 _d16772 |
||